[Event "ITA-ch sf g/5' 1st"]
[Site "Playchess.com INT"]
[Date "2006.02.25"]
[Round "11"]
[White "Gosio, Denis"]
[Black "Gilardone, Adriano"]
[Result "1-0"]
[WhiteElo "2164"]
[BlackElo "2133"]
[PlyCount "89"]
[EventDate "2006.02.25"]
[EventType "swiss (blitz)"]
[EventRounds "11"]
[EventCountry "ITA"]
[SourceTitle "CBM 111 Extra"]
[Source "ChessBase"]
[SourceDate "2006.05.09"]
[SourceVersion "1"]
[SourceVersionDate "2006.05.09"]
[SourceQuality "1"]

1. e4 e5 2. Nf3 d5 3. exd5 e4 4. Qe2 f5 5. c4 Nf6 6. Nd4 Bc5 7. Nb3 Bd6 8. c5 Be5 9. d4 0-0 10. dxe5 Nxd5 11. Nc3 Kh8 12. Nxd5 Qxd5 13. Bf4 Nc6 14. Qc4 Qd8 15. h4 Qe7 16. Qc3 Rd8 17. Bc4 Re8 18. e6 Nd8 19. 0-0-0 Bxe6 20. h5 Bxc4 21. Qxc4 Nc6 22. h6 g5 23. Bd2 Qe6 24. Bc3+ Kg8 25. Qxe6+ Rxe6 26. Rd7 Rg6 27. Rxc7 Re8 28. Rxb7 f4 29. Rg7+ Rxg7 30. hxg7 Ne7 31. Rd1 Nf5 32. c6 Nxg7 33. c7 Ne6 34. Rd8 Nxd8 35. c8Q Kf8 36. Qf5+ Nf7 37. Bb4+ Kg8 38. Nd4 e3 39. fxe3 fxe3 40. Kd1 e2+ 41. Ke1 Rd8 42. Ne6 Rd1+ 43. Kxe2 Rd7 44. Qf6 Ne5 45. Qf8# 1-0

[Event "Bergamo op 4th"]
[Site "Bergamo"]
[Date "2005.07.31"]
[Round "5"]
[White "Bonarrigo, Marco"]
[Black "Gosio, Denis"]
[Result "0-1"]
[WhiteElo "2014"]
[BlackElo "2152"]
[PlyCount "56"]
[EventDate "2005.07.29"]
[EventType "swiss"]
[EventRounds "6"]
[EventCountry "ITA"]
[SourceTitle "EXT 2007"]
[Source "ChessBase"]
[SourceDate "2006.11.23"]
[SourceVersion "1"]
[SourceVersionDate "2006.11.23"]
[SourceQuality "1"]

1. e4 c5 2. Nf3 d6 3. d4 cxd4 4. Nxd4 Nf6 5. Nc3 e6 6. Be3 Nc6 7. Qd2 Be7 8. f3 a6 9. g4 Nd7 10. 0-0-0 0-0 11. Rg1 Nxd4 12. Bxd4 b5 13. Kb1 Bb7 14. g5 b4 15. Ne2 d5 16. e5 Qc7 17. Qe3 a5 18. Nf4 Rfc8 19. Bd3 g6 20. h4 Nc5 21. h5 Nxd3 22. Qxd3 Ba6 23. Qd2 a4 24. hxg6 hxg6 25. Qh2 b3 26. cxb3 axb3 27. axb3 Qa5 28. Qf2 Bd3+ 0-1

[Event "Bratto op 24th"]
[Site "Bratto"]
[Date "2004.08.22"]
[Round "3"]
[White "Bellia, Fabrizio"]
[Black "Gosio, Denis"]
[Result "1-0"]
[WhiteElo "2409"]
[BlackElo "2170"]
[PlyCount "85"]
[EventDate "2004.08.20"]
[EventType "swiss"]
[EventRounds "9"]
[EventCountry "ITA"]
[SourceTitle "CBM 101 Extra"]
[Source "ChessBase"]
[SourceDate "2004.09.01"]
[SourceVersion "2"]
[SourceVersionDate "2004.09.01"]
[SourceQuality "1"]

1. e4 c5 2. c3 d5 3. exd5 Qxd5 4. d4 e6 5. Nf3 Nf6 6. Bd3 cxd4 7. cxd4 Nc6 8. Nc3 Qd6 9. 0-0 Be7 10. a3 0-0 11. Re1 Rd8 12. Be3 a6 13. Qe2 b5 14. Rad1 Bb7 15. Bb1 g6 16. Bg5 Na5 17. Ba2 Nc4 18. d5 Nxd5 19. Bxc4 bxc4 20. Nxd5 Bxg5 21. Nf6+ Bxf6 22. Rxd6 Rxd6 23. Ne5 Bxe5 24. Qxe5 Rad8 25. h4 h5 26. Kh2 Rd4 27. Qf6 R8d7 28. f3 Rd2 29. Kg3 R2d4 30. Rc1 Kh7 31. Rc2 Kg8 32. Qg5 Kh7 33. Qc5 R7d5 34. Qb4 Rb5 35. Qf8 Rf5 36. b3 Bd5 37. bxc4 Bxc4 38. Rb2 Bb5 39. a4 Rxa4 40. Rd2 Rd5 41. Qxf7+ Kh6 42. Rxd5 exd5 43. Qg8 1-0

[Event "Bratto op 24th"]
[Site "Bratto"]
[Date "2004.08.20"]
[Round "1"]
[White "Saulnier, Jean"]
[Black "Gosio, Denis"]
[Result "1/2-1/2"]
[WhiteElo "2000"]
[BlackElo "2170"]
[PlyCount "49"]
[EventDate "2004.08.20"]
[EventType "swiss"]
[EventRounds "9"]
[EventCountry "ITA"]
[SourceTitle "CBM 101 Extra"]
[Source "ChessBase"]
[SourceDate "2004.09.01"]
[SourceVersion "2"]
[SourceVersionDate "2004.09.01"]
[SourceQuality "1"]

1. d4 Nf6 2. Nf3 e6 3. e3 d5 4. Bd3 c5 5. b3 Bd6 6. Bb2 Nc6 7. 0-0 0-0 8. Nbd2 cxd4 9. exd4 Qe7 10. Ne5 Ba3 11. Qc1 Bxb2 12. Qxb2 Bd7 13. a3 Rac8 14. b4 a6 15. Nb3 Rfd8 16. Rfe1 Be8 17. Nc5 g6 18. Rad1 Nh5 19. Bf1 Nxe5 20. dxe5 Bb5 21. Bd3 Bxd3 22. cxd3 Ng7 23. Rc1 Nf5 24. Nb3 Qd7 25. Nd4 1/2-1/2

[Event "Cortina d'Ampezzo op 1st"]
[Site "Cortina d'Ampezzo"]
[Date "2003.07.10"]
[Round "5"]
[White "Gosio, Denis"]
[Black "Navarro, Stefano"]
[Result "1/2-1/2"]
[WhiteElo "2151"]
[BlackElo "2173"]
[PlyCount "120"]
[EventDate "2003.07.07"]
[EventType "swiss"]
[EventRounds "9"]
[EventCountry "ITA"]
[SourceTitle "CBM 095 Extra"]
[Source "ChessBase"]
[SourceDate "2003.09.04"]
[SourceVersion "1"]
[SourceVersionDate "2003.09.04"]
[SourceQuality "1"]

1. e4 e5 2. Nf3 Nc6 3. Bb5 f5 4. Nc3 fxe4 5. Nxe4 d5 6. Nxe5 dxe4 7. Nxc6 Qg5 8. Qe2 Nf6 9. f4 Qxf4 10. Ne5+ c6 11. d4 Qh4+ 12. g3 Qh3 13. Bc4 Be6 14. Bg5 0-0-0 15. 0-0-0 Bd6 16. Qf1 Rhe8 17. Qxh3 Bxh3 18. Nf7 Rd7 19. Nxd6+ Rxd6 20. Rhe1 Bf5 21. Bxf6 gxf6 22. c3 Bg6 23. Kd2 h5 24. Ke3 f5 25. Rf1 Red8 26. Be2 Kd7 27. Rf4 Rh8 28. Rh4 Rh7 29. Rf1 Ke6 30. Rf2 Ke7 31. h3 Rf6 32. g4 fxg4 33. hxg4 Rxf2 34. Kxf2 hxg4 35. Rxh7+ Bxh7 36. Bxg4 Kd6 37. Ke3 b6 38. Bd1 c5 39. Bb3 cxd4+ 40. Kxd4 Bg6 41. Bc4 Bf5 42. Bf1 Bg6 43. Bg2 Bf7 44. a3 e3 45. Kxe3 Kc5 46. Bf1 a5 47. b4+ axb4 48. axb4+ Kd6 49. Kd4 Be8 50. c4 Bh5 51. Bg2 Bg4 52. Be4 Bc8 53. Bg6 Bd7 54. Bf7 Bf5 55. Be8 Be6 56. Kc3 Bf5 57. Kb3 Be6 58. Bb5 Bf7 59. Ka4 Be6 60. Kb3 Bf7 1/2-1/2

[Event "Cortina d'Ampezzo op 1st"]
[Site "Cortina d'Ampezzo"]
[Date "2003.07.09"]
[Round "3"]
[White "Gosio, Denis"]
[Black "Facchetti, Gianni"]
[Result "0-1"]
[WhiteElo "2151"]
[BlackElo "2165"]
[PlyCount "76"]
[EventDate "2003.07.07"]
[EventType "swiss"]
[EventRounds "9"]
[EventCountry "ITA"]
[SourceTitle "CBM 095 Extra"]
[Source "ChessBase"]
[SourceDate "2003.09.04"]
[SourceVersion "1"]
[SourceVersionDate "2003.09.04"]
[SourceQuality "1"]

1. e4 e5 2. Nf3 Nc6 3. Bb5 Bc5 4. c3 Nf6 5. 0-0 0-0 6. d4 Bb6 7. Re1 exd4 8. cxd4 d5 9. e5 Ne4 10. Nc3 Nxf2 11. Kxf2 Nxd4 12. Nxd4 Qh4+ 13. Kg1 Bxd4+ 14. Kh1 Bf2 15. Be3 Bxe1 16. Qxe1 Qxe1+ 17. Rxe1 c6 18. Ba4 Be6 19. Kg1 Rfc8 20. Bb3 b6 21. Rd1 h6 22. h3 Rd8 23. Kf2 Rd7 24. Ba4 Rc7 25. Ke2 Rd8 26. a3 c5 27. Nb5 Re7 28. Kf2 d4 29. Bf4 Bd7 30. b4 a6 31. bxc5 axb5 32. cxb6 bxa4 33. Rxd4 Re6 34. b7 Rb6 35. e6 Rxb7 36. exd7 Rdxd7 37. Rxa4 Rb2+ 38. Kf3 Ra2 0-1

[Event "Cortina d'Ampezzo op 1st"]
[Site "Cortina d'Ampezzo"]
[Date "2003.07.07"]
[Round "1"]
[White "Gosio, Denis"]
[Black "Drasko, Milan"]
[Result "0-1"]
[WhiteElo "2151"]
[BlackElo "2509"]
[PlyCount "84"]
[EventDate "2003.07.07"]
[EventType "swiss"]
[EventRounds "9"]
[EventCountry "ITA"]
[SourceTitle "CBM 095 Extra"]
[Source "ChessBase"]
[SourceDate "2003.09.04"]
[SourceVersion "1"]
[SourceVersionDate "2003.09.04"]
[SourceQuality "1"]

1. e4 e6 2. d4 d5 3. Nd2 Be7 4. Bd3 c5 5. dxc5 Nf6 6. e5 Nfd7 7. Ngf3 Nc6 8. 0-0 Ndxe5 9. Nxe5 Nxe5 10. Nb3 Nxd3 11. Qxd3 0-0 12. Bf4 a5 13. a4 f6 14. Rfe1 e5 15. Bg3 Be6 16. f4 e4 17. Qd2 d4 18. Nxd4 Bxc5 19. Bf2 f5 20. c3 Bc4 21. Be3 Qd5 22. Qf2 Bd3 23. h3 Ra6 24. Kh2 Rg6 25. Rad1 Be7 26. b3 Qd8 27. g3 Rh6 28. Rd2 Qc8 29. Rc1 Qe8 30. Qg2 Rff6 31. Kg1 Qh5 32. h4 Rfg6 33. Rxd3 Rxg3 34. Qxg3 Rg6 35. Qxg6 Qxg6+ 36. Kh2 exd3 37. Rg1 Qh5 38. Bf2 Bxh4 39. Bxh4 Qxh4+ 40. Kg2 Qg4+ 41. Kf2 Qxg1+ 42. Kxg1 d2 0-1

[Event "Porto San Giorgio op 14th"]
[Site "Porto San Giorgio"]
[Date "2002.08.24"]
[Round "5"]
[White "Bruned, Boris"]
[Black "Gosio, Denis"]
[Result "1-0"]
[WhiteElo "2035"]
[BlackElo "2154"]
[PlyCount "47"]
[EventDate "2002.08.20"]
[EventType "swiss"]
[EventRounds "9"]
[EventCountry "ITA"]
[SourceTitle "CBM 089 Extra"]
[Source "ChessBase"]
[SourceDate "2002.09.10"]
[SourceVersion "2"]
[SourceVersionDate "2002.09.10"]
[SourceQuality "1"]

1. e4 c5 2. Nf3 e6 3. d4 cxd4 4. Nxd4 Nf6 5. Nc3 d6 6. g4 Be7 7. g5 Nfd7 8. Qh5 0-0 9. Be3 Nc6 10. h4 a6 11. 0-0-0 Nxd4 12. Bxd4 b5 13. Bd3 Ne5 14. f4 Nxd3+ 15. Rxd3 Bb7 16. Rg1 b4 17. Nd5 exd5 18. Rdg3 Re8 19. g6 fxg6 20. Rxg6 hxg6 21. Qxg6 Bf6 22. Bxf6 Qd7 23. Bxg7 Qf7 24. Qh6 1-0

[Event "San Martino di Castrozza op 3rd"]
[Site "San Martino di Castrozza"]
[Date "2002.07.07"]
[Round "7"]
[White "Contin, Daniel"]
[Black "Gosio, Denis"]
[Result "1/2-1/2"]
[WhiteElo "2334"]
[BlackElo "2154"]
[PlyCount "126"]
[EventDate "2002.07.01"]
[EventType "swiss"]
[EventRounds "7"]
[EventCountry "ITA"]
[SourceTitle "EXT 2007"]
[Source "ChessBase"]
[SourceDate "2006.11.23"]
[SourceVersion "1"]
[SourceVersionDate "2006.11.23"]
[SourceQuality "1"]

1. Nf3 Nf6 2. c4 b6 3. g3 Bb7 4. Bg2 e6 5. 0-0 Be7 6. Nc3 0-0 7. Re1 d5 8. cxd5 exd5 9. d4 Bd6 10. Qc2 a6 11. Ng5 Bb4 12. Bf4 h6 13. Nf3 Re8 14. Rac1 Nbd7 15. a3 Bf8 16. b4 c6 17. Qb3 Nh5 18. Bd2 Nhf6 19. a4 g6 20. Bf4 b5 21. Ne5 Nxe5 22. Bxe5 Nd7 23. Bf4 g5 24. Bd2 Nb6 25. Rb1 Nc4 26. Bc1 Bg7 27. Rd1 f5 28. Qc2 Bc8 29. Qd3 Be6 30. f3 Qd7 31. e3 Rab8 32. Rb3 Rbd8 33. axb5 axb5 34. Ne2 Kh8 35. h4 Bf6 36. hxg5 hxg5 37. Kf2 Kg7 38. Rh1 Rh8 39. Rxh8 Rxh8 40. Rb1 Ra8 41. Qc2 f4 42. exf4 Bf5 43. Qb3 gxf4 44. Bxf4 Ra3 45. Qd1 Bxb1 46. Qxb1 Qa7 47. g4 Ra2 48. Bf1 Qxd4+ 49. Kg3 Rxe2 50. Bxe2 Be5 51. Qf5 Qg1+ 52. Kh3 Qh1+ 53. Kg3 Bxf4+ 54. Qxf4 Qe1+ 55. Kh3 Qxe2 56. Qc7+ Kf8 57. Qc8+ Kf7 58. Qc7+ Kf8 59. Qf4+ Ke7 60. Qc7+ Kf8 61. Qf4+ Ke7 62. Qc7+ Kf8 63. Qf4+ Ke7 1/2-1/2

[Event "San Martino di Castrozza op 3rd"]
[Site "San Martino di Castrozza"]
[Date "2002.07.05"]
[Round "5"]
[White "Affinito, Pancrazio"]
[Black "Gosio, Denis"]
[Result "1/2-1/2"]
[WhiteElo "1794"]
[BlackElo "2154"]
[PlyCount "59"]
[EventDate "2002.07.01"]
[EventType "swiss"]
[EventRounds "7"]
[EventCountry "ITA"]
[SourceTitle "EXT 2007"]
[Source "ChessBase"]
[SourceDate "2006.11.23"]
[SourceVersion "1"]
[SourceVersionDate "2006.11.23"]
[SourceQuality "1"]

1. d4 Nf6 2. c4 e6 3. g3 d5 4. Bg2 Be7 5. Nf3 0-0 6. 0-0 dxc4 7. Qa4 a6 8. Qxc4 b5 9. Qc2 Bb7 10. Nbd2 Nc6 11. e3 Nb4 12. Qb1 c5 13. a3 Nc6 14. dxc5 Bxc5 15. b4 Be7 16. Bb2 h6 17. Rd1 Qc7 18. Rc1 Qb6 19. Nd4 Rac8 20. Qa2 Nd8 21. Rxc8 Bxc8 22. Rc1 Bb7 23. Ba1 Bxg2 24. Kxg2 a5 25. Bc3 axb4 26. Bxb4 Bxb4 27. axb4 Nd5 28. Qb3 Qb7 29. e4 Nf6 30. Qd3 1/2-1/2